Estilística, poética y semiótica literaria /

Saved in:
Bibliographic Details
Main Author: Yllera Fernández, Alicia
Format: Book
Language:Spanish
Published: Madrid : Alianza, [1974]
Series:Alianza universidad ; 96
Subjects:
LEADER 00883nam a22002531i 4500
001 c000336539
003 CARM
005 00000000000000.0
008 790927s1974 sp a b 00010 spa
015 |a Sp*** 
019 1 |a 1792272  |5 LACONCORD2021 
020 |a 8420620963 
035 |a (OCoLC)1744869  |5 LACONCORD2021 
050 0 0 |a PN81  |b .Y58 
100 2 |a Yllera Fernández, Alicia. 
245 1 0 |a Estilística, poética y semiótica literaria /  |c Alicia Yllera. 
260 |a Madrid :  |b Alianza,  |c [1974] 
300 |a 186 p. :  |b ill. ;  |c 20 cm. 
490 0 |a Alianza universidad ; 96 
504 |a Bibliography: p. 177-186. 
650 0 |a Criticism. 
852 8 |b CARM  |h A1:AM29A0  |i A05024  |p 0431462  |f BK 
999 f f |i aed74148-249e-55de-b6b6-35fccdd51eaa  |s 76d4ee71-15a2-5339-abf7-c7c309a818b8 
952 f f |p Can circulate  |a CAVAL  |b CAVAL  |c CAVAL  |d CARM 1 Store  |e A05024  |f A1:AM29A0  |h Other scheme  |i book  |m 0431462